000 01081nam a2200277Ia 4500
003 OSt
005 20220923215440.0
006 a|||||r|||| 00| 0
007 ta
008 220922b |||||||| |||| 00| 0 hin d
024 _a178,847
037 _cTextual
040 _aARTS
_cARTS
_bhin
041 _2hin
_ahin
082 _aO152,1I83k, L4.1-.2
100 _aशुक्ल, केसरी नारायण; टंडन, प्रेमनारायण, संपा.
_9163847
245 0 _aब्रजभाषा सूर कोश
246 _aBrajabhāṣhā sūr kosha
250 _aसंस्क0 2
260 _aलखनऊ
_b विश्वविद्यालय हिन्दी प्रकाशन
_c1974
300 _a2050 पृ.
_ccm.
490 _vखंड 2
650 _aहिन्दी साहित्य
_9156264
942 _hO152,1I83k, L4.1-.2
_cTEXL
_2CC
999 _c332228
_d332228